[Event "Heusenstamm Sparkassen op-B 4th"]
[Site "Heusenstamm"]
[Date "2017.11.26"]
[Round "6"]
[White "Pessotschinski, Eduard"]
[Black "Rupp, Arnim"]
[Result "1-0"]
[WhiteElo "1297"]
[BlackElo "1636"]
[PlyCount "57"]
[EventDate "2017.11.23"]
[EventType "swiss"]
[EventRounds "7"]
[EventCountry "GER"]
[SourceTitle "EXT 2019"]
[Source "ChessBase"]
[SourceDate "2018.10.10"]
[SourceVersion "1"]
[SourceVersionDate "2018.10.10"]
[SourceQuality "1"]

1. e4 d5 2. exd5 Nf6 3. Bb5+ Bd7 4. Be2 Nxd5 5. c4 Nf6 6. Nc3 e5 7. d3 Bb4 8. Bd2 Nc6 9. Nf3 0-0 10. 0-0 Re8 11. a3 Bd6 12. Bg5 h6 13. Bh4 Be7 14. d4 exd4 15. Nxd4 Nxd4 16. Qxd4 Be6 17. Rfd1 c5 18. Qf4 Qb6 19. Rab1 Bd6 20. Rxd6 Qc7 21. Rbd1 Nh7 22. Nb5 Qa5 23. b4 cxb4 24. axb4 Qa2 25. R6d2 Qa4 26. Qd6 g5 27. Bg3 Nf6 28. Qd4 Nh5 29. Bxh5 1-0

[Event "Heusenstamm Sparkassen op-B 4th"]
[Site "Heusenstamm"]
[Date "2017.11.26"]
[Round "7"]
[White "Rupp, Arnim"]
[Black "Von Beckh, Frieda"]
[Result "1-0"]
[WhiteElo "1636"]
[BlackElo "1288"]
[PlyCount "89"]
[EventDate "2017.11.23"]
[EventType "swiss"]
[EventRounds "7"]
[EventCountry "GER"]
[SourceTitle "EXT 2019"]
[Source "ChessBase"]
[SourceDate "2018.10.10"]
[SourceVersion "1"]
[SourceVersionDate "2018.10.10"]
[SourceQuality "1"]

1. d4 d5 2. Bf4 Bf5 3. Nf3 Nf6 4. e3 e6 5. h3 h6 6. Nbd2 Nbd7 7. c4 c6 8. c5 b6 9. b4 a5 10. a3 Be7 11. Be2 Ra7 12. 0-0 0-0 13. Re1 Qc8 14. Qb3 Qa8 15. Qb2 Qb7 16. Rec1 bxc5 17. dxc5 Nxc5 18. Ne5 Ncd7 19. Nxc6 Nb6 20. Nxa7 Qxa7 21. Rc7 Qa8 22. Rxe7 Ne8 23. bxa5 Qxa5 24. Rb7 Na4 25. Qb4 Qxb4 26. axb4 Nc3 27. Bb5 Nf6 28. Be5 Kh8 29. Raa7 Nxb5 30. Rxb5 Bg6 31. Bxf6 gxf6 32. Rba5 Kg7 33. Ra8 Rxa8 34. Rxa8 Bd3 35. Ra2 Kf8 36. Rb2 Ke7 37. b5 Kd7 38. b6 Kc8 39. Nb3 Kb8 40. Nc5 Bc4 41. b7 f5 42. Nd7+ Kc7 43. b8Q+ Kc6 44. Ne5+ Kc5 45. Qb6# 1-0

[Event "Wiesbaden op 29th"]
[Site "Wiesbaden"]
[Date "2017.08.26"]
[Round "5"]
[White "Rupp, Arnim"]
[Black "Von Beckh, Frieda"]
[Result "0-1"]
[WhiteElo "1704"]
[BlackElo "1248"]
[PlyCount "28"]
[EventDate "2017.08.24"]
[EventType "swiss"]
[EventRounds "7"]
[EventCountry "GER"]
[SourceTitle "CBM 180 Extra"]
[Source "ChessBase"]
[SourceDate "2017.10.06"]
[SourceVersion "1"]
[SourceVersionDate "2017.10.06"]
[SourceQuality "1"]

1. e4 e5 2. Nf3 Nc6 3. d4 exd4 4. Bc4 Nf6 5. 0-0 Bc5 6. e5 d5 7. Bb5 Ne4 8. Bxc6+ bxc6 9. Nxd4 Bxd4 10. Qxd4 0-0 11. b3 Re8 12. Bb2 Qg5 13. f3 Bh3 14. g3 Nxg3 0-1

[Event "Heusenstamm Sparkassen op-B 3rd"]
[Site "Heusenstamm"]
[Date "2016.11.27"]
[Round "2"]
[White "Rupp, Arnim"]
[Black "Werner, Tom"]
[Result "1-0"]
[WhiteElo "1280"]
[BlackElo "1667"]
[PlyCount "119"]
[EventDate "2016.11.27"]
[EventType "swiss"]
[EventRounds "7"]
[EventCountry "GER"]
[SourceTitle "EXT 2018"]
[Source "ChessBase"]
[SourceDate "2017.10.13"]
[SourceVersion "1"]
[SourceVersionDate "2017.10.13"]
[SourceQuality "1"]

1. d4 d5 2. Nf3 e6 3. Bf4 Nf6 4. h3 c5 5. c3 Qb6 6. Qb3 Qxb3 7. axb3 Nc6 8. e3 a6 9. Nbd2 Be7 10. Bd3 0-0 11. 0-0 Bd7 12. Ne5 b5 13. Nxd7 Nxd7 14. Ra2 c4 15. bxc4 bxc4 16. Bc2 Nb6 17. Rfa1 a5 18. b3 Ra7 19. bxc4 Nxc4 20. Nxc4 dxc4 21. Ra4 f5 22. Rxc4 Nd8 23. Bc7 Nb7 24. Bb6 Ra6 25. Rb1 Nd6 26. Rc5 Rb8 27. Bxa5 Rxb1+ 28. Bxb1 Ne4 29. Rc8+ Kf7 30. Bxe4 Rxa5 31. Bf3 Bd6 32. g3 Ra1+ 33. Kg2 Rc1 34. c4 Bb4 35. Bb7 Rc2 36. c5 Be1 37. h4 Bxf2 38. Kf3 Bg1 39. g4 Rf2+ 40. Kg3 fxg4 41. Kxg4 Re2 42. Ra8 Rxe3 43. c6 Rc3 44. Ra4 Kg6 45. Kf4 Kf6 46. Ke4 h6 47. d5 Re3+ 48. Kf4 e5+ 49. Kg4 g6 50. h5 g5 51. c7 Bh2 52. Ra6+ Kf7 53. d6 Rg3+ 54. Kf5 Rh3 55. Bd5+ Kg7 56. c8Q Bg1 57. Ra7+ Bxa7 58. Qd7+ Kh8 59. Qxa7 g4 60. Kg6 1-0